Орших эс оршихуй (Бичлэгийн дугаар. 1145486)

MARC дэлгэрэнгүй
000 -Удирдлага
Ном зүйн бүртгэл тоо буюу кодлох утгыг агуулсан 00496nam a22001817a 4500
003 - ХЯНАЛТЫН ТОО ТОДОРХОЙЛОГЧ
Код MN-UlNLM
005 - ХАМГИЙН СҮҮЛИЙН ҮЕИЙН ХЭЛЦЛИЙН ОГНОО БА ЦАГ
Тухайн бичилтийг бичсэн засварласан сүүлийн огноо. 20250122120735.0
008 - ЕРӨНХИЙ МЭДЭЭЛЭЛ-ЭЛЕМЕНТҮҮДИЙН ӨГӨГДЛИЙН УРТ
fixed length control field 241028s2024 mp ||||| |||| 00| 0 mon d
020 ## - ОЛОН УЛСЫН СТАНДАРТ НОМЫН ДУГААР-ISBN
Олон Улсын Стандарт Номын Дугаар 9789919039226
040 ## - ЭХ СУРВАЛЖИЙГ ТОДОРХОЙЛОН БИЧИХ
Каталогийн хэл Монгол
084 ## - БУСАД АНГИЛЛЫН ДУГААР
Ангиллын нэр Номын сан номзүйн ангилал
Анги 84(7АНУ)-44
Зохиогчийн 3-н тэмдэгт Х 904
Шинжлэх ухааны мэдлэгийн салбар Уран зохиол - 84
100 1# - ЗОХИОГЧИЙН ХЭСЭГ
Зохиогчийн нэр Хэмингуэй Э.
245 1# - ҮНДСЭН ГАРЧИГ
Гарчиг Орших эс оршихуй
Гарчигт хамааралтай мэдээ Роман
Оролцогчдын тухай мэдээ Орч. В.Батболд
260 1# - ГАРАЛТЫН ТУХАЙ МЭДЭЭ
Хэвлэгдсэн газар УБ
Хэвлэлийн газар Жиком пресс
Хэвлэгдсэн он 2024
300 ## - ТООНЫ МЭДЭЭ
Хуудасны тоо 252х
546 ## - ХЭЛНИЙ ТУХАЙ МЭДЭЭ
Хэл mon
942 ## - ЭЛЕМЕНТИЙН ТӨРӨЛ
Төрөл Ном
Захиалгууд
Буцаан татагдсан төлөв Хасагдсан шалтгаан Гэмтсэн төлөв Данс заагч Захиалах боломжгүй Үндсэн номын сан Одоогийн байршил Салбар танхим Салбар танхим Бүртгэсэн огноо Бүрдүүлэлтийн эх үүсвэр Тавиурын заалт Баркод Үнэ Хамгийн сүүлд байсан огноо Нийт уншлаганд гарсан тоо Дансны дугаар Ангиллын нэр Фактур мөрийн дугаар Төрөл
          МУҮНомын сан салбар МУҮНомын сан салбар МУҮНС салбар | Язгуур танхим 8 давхар МУҮНС салбар | Язгуур танхим 8 давхар 2025-02-03 Худалдан авсан 84(7АНУ)-44 Х 904 006000099134 25000.00 2025-02-03   99134     Ном
          МУҮНомын сан салбар МУҮНомын сан салбар МУҮНС салбар | Язгуур танхим 8 давхар МУҮНС салбар | Язгуур танхим 8 давхар 2025-02-03 Худалдан авсан 84(7АНУ)-44 Х 904 006000099135 25000.00 2025-02-03   99135     Ном
          МУҮНомын сан салбар МУҮНомын сан салбар МУҮНС салбар | Язгуур танхим 8 давхар МУҮНС салбар | Язгуур танхим 8 давхар 2025-02-03 Худалдан авсан 84(7АНУ)-44 Х 904 006000099136 25000.00 2025-02-03   99136     Ном
          МУҮндэсний Номын сан МУҮндэсний Номын сан МУҮНС төв | Ойр фонд МУҮНС төв | Ойр фонд 2025-02-03 Худалдан авсан 84(7АНУ)-44 Х 904 003110043701 25000.00 2024-10-28   43701 Номын сан номзүйн ангилал 240715.00 Ном
          МУҮндэсний Номын сан МУҮндэсний Номын сан МУҮНС төв | Ойр фонд МУҮНС төв | Ойр фонд 2025-02-03 Худалдан авсан 84(7АНУ)-44 Х 904 006000099137 25000.00 2025-02-03   99137     Ном